| 000 | 00788nam a22002177a 4500 | ||
|---|---|---|---|
| 005 | 20100723145514.0 | ||
| 010 | _aENG-96598 | ||
| 020 |
_a9878120339668 _c350.00 |
||
| 035 | _aEN-80131 | ||
| 037 | _bDBAD/PUB | ||
| 082 | _a620.00151 | ||
| 100 |
_aSrivastava, A.C. _91033 |
||
| 245 |
_aEngineering mathematics / _cby A.C. Srivastava [and] P.K. Srivastava |
||
| 260 |
_aNew Delhi _bPHI Learning _c2010 |
||
| 270 |
_aM-97, Connaught Circus, _bNew Delhi _e110001 |
||
| 300 |
_aV.1 (xi, 615p.) _c24cm (pbk) |
||
| 500 | _aIncludes index | ||
| 700 |
_aSrivastava, P.K. _91034 |
||
| 942 |
_2ddc _cEN _h620.00151 _mSRI |
||
| 999 |
_c37416 _d37416 |
||